[Event "FIDE Online Olympiad"]
[Site "Chess.com"]
[Date "2020.07.27"]
[EventDate "2020.07.25"]
[Round "9"]
[Result "1-0"]
[White "Al-Ghasra, Ali"]
[Black "Wilfried Ntamatungiro"]
[WhiteElo "2003"]
[BlackElo "1720"]
[PlyCount "158"]

1. d4 c6 2. c4 d6 3. Nc3 Qc7 4. e4 e5 5. Nf3 Bg4 6. Be2 Nf6 7. Be3 Nbd7 8. Rc1
Be7 9. O-O O-O 10. Qd2 Rfd8 11. h3 Bh5 12. b4 d5 13. cxd5 Bxb4 14. Qd3 Bxc3 15.
Rxc3 Bg6 16. Nd2 Nxd5 17. Rcc1 Nxe3 18. fxe3 Nf6 19. Bf3 exd4 20. exd4 Qb6 21.
Rc4 Rd7 22. Rb1 Qa5 23. Qc2 Rad8 24. Nb3 Qg5 25. Re1 Nd5 26. Qc1 Nf4 27. Kh2
Ne6 28. Qxg5 Nxg5 29. Nc5 Nxf3+ 30. gxf3 Rxd4 31. Rxd4 Rxd4 32. Nxb7 Rd2+ 33.
Kg3 Rxa2 34. Rc1 Ra6 35. Nc5 Ra5 36. Nd7 Ra6 37. Nb8 Rb6 38. Nxc6 h6 39. Nxa7
Rb3 40. Kf4 f6 41. Nc8 Bh5 42. Rf1 Bf7 43. Ne7+ Kf8 44. Nf5 Be6 45. Nd4 g5+ 46.
Kg3 Ke7 47. Nxb3 Bxb3 48. Rb1 Be6 49. Rb6 h5 50. Rb7+ Kd6 51. h4 g4 52. f4 f5
53. Rb6+ Ke7 54. exf5 Bxf5 55. Rh6 Kf7 56. Rxh5 Be6 57. Rg5 Kf6 58. h5 Bf5 59.
Rxg4 Bxg4 60. Kxg4 Kg7 61. Kg5 Kf7 62. h6 Kg8 63. Kg6 Kh8 64. f5 Kg8 65. Kf6
Kh7 66. Ke7 Kxh6 67. f6 Kg6 68. f7 Kf5 69. f8=Q+ Ke5 70. Qh6 Ke4 71. Ke6 Kd4
72. Qf6+ Ke4 73. Qf5+ Kd4 74. Qg4+ Ke3 75. Kd5 Kd3 76. Qg3+ Ke2 77. Kd4 Kd2 78.
Qh2+ Ke1 79. Ke3  1-0

[Event "FIDE Online Olympiad"]
[Site "Chess.com"]
[Date "2020.07.27"]
[EventDate "2020.07.25"]
[Round "9"]
[Result "1-0"]
[White "Mohamad Firdaus Erfan"]
[Black "Giancarlo Berardi"]
[WhiteElo "1241"]
[BlackElo "1774"]
[PlyCount "76"]

1. e4 c5 2. Nf3 g6 3. c3 Bg7 4. Bd3 Nc6 5. Bc2 Nf6 6. d4 cxd4 7. cxd4 Nb4 8.
Nc3 Nxc2+ 9. Qxc2 O-O 10. O-O b6 11. Bg5 Bb7 12. Rad1 Rc8 13. Qd3 d6 14. Rfe1
Rc7 15. Nb5 Ba6 16. Qb3 Bxb5 17. Qxb5 Qa8 18. e5 Nd5 19. Nd2 dxe5 20. dxe5 Rc5
21. Qb3 e6 22. Ne4 Rc6 23. Nf6+ Nxf6 24. Bxf6 Rfc8 25. h4 Rc4 26. Qg3 h5 27.
Bxg7 Kxg7 28. Qg5 Rg4 29. Qf6+ Kg8 30. f3 Rc2 31. Rd8+ Qxd8 32. Qxd8+ Kh7 33.
fxg4 hxg4 34. Rf1 Kg7 35. Qf6+ Kh6 36. Qxf7 Rxb2 37. Qf8+ Kh7 38. Rf7#  1-0

[Event "FIDE Online Olympiad"]
[Site "Chess.com"]
[Date "2020.07.27"]
[EventDate "2020.07.25"]
[Round "9"]
[Result "1-0"]
[White "Ahmad Najjar"]
[Black "James S Tondo"]
[WhiteElo "2178"]
[BlackElo "1855"]
[PlyCount "68"]

1. e4 c5 2. Nc3 d6 3. f4 Nc6 4. Nf3 Bg4 5. Bc4 e6 6. O-O Nf6 7. d3 Nd4 8. Be3
a6 9. Bxd4 cxd4 10. Ne2 b5 11. Bb3 Qb6 12. Qe1 Bxf3 13. Rxf3 a5 14. a4 b4 15.
h3 Nd7 16. Qf2 g6 17. f5 gxf5 18. exf5 e5 19. f6 Bh6 20. Qh4 Be3+ 21. Kh1 Nf8
22. Raf1 Ng6 23. Qe4 Ra7 24. Bc4 Qb7 25. Bb5+ Kd8 26. Ng3 Qxe4 27. Nxe4 d5 28.
Nd6 Rc7 29. b3 h5 30. Rg3 Rf8 31. Nxf7+ Rfxf7 32. Rxg6 Rxc2 33. Rg8+ Kc7 34.
Rg7  1-0

[Event "FIDE Online Olympiad"]
[Site "Chess.com"]
[Date "2020.07.27"]
[EventDate "2020.07.25"]
[Round "9"]
[Result "1-0"]
[White "Ebrima Bah"]
[Black "Mashala Kabamwanishi"]
[WhiteElo "2085"]
[BlackElo "1856"]
[PlyCount "68"]

1. e4 b6 2. d4 Bb7 3. Bd3 e6 4. Nf3 Nf6 5. Qe2 Be7 6. O-O c5 7. c3 Nc6 8. a3
Na5 9. Bf4 Nb3 10. Ra2 a5 11. a4 Qc8 12. Bc4 Ba6 13. Ra3 Bxc4 14. Qxc4 Nh5 15.
Bg3 Nxd4 16. cxd4 cxd4 17. Qxc8+ Rxc8 18. Rb3 Nxg3 19. hxg3 Bc5 20. Rd3 Ke7 21.
Nxd4 Bxd4 22. Rxd4 Rc2 23. b3 Rhc8 24. Rfd1 R8c7 25. Na3 Rb2 26. R4d3 Kf6 27.
Nc4 Ra2 28. Rxd7 Rxd7 29. Rxd7 Ra1+ 30. Kh2 Rb1 31. Rd3 h5 32. Nxb6 Ke5 33. f3
Kf6 34. Nc4  1-0

[Event "FIDE Online Olympiad"]
[Site "Chess.com"]
[Date "2020.07.27"]
[EventDate "2020.07.25"]
[Round "7"]
[Result "1-0"]
[White "Ahmed Taleb Mohamed"]
[Black "Mohamed Othman Alkrnaf"]
[WhiteElo "1978"]
[BlackElo "1852"]
[PlyCount "57"]

1. e4 e5 2. Nf3 Nc6 3. Bb5 Bc5 4. O-O d6 5. d4 exd4 6. Nxd4
Bd7 7. Nf5 Qf6 8. Nc3 Nge7 9. Nxe7 Nxe7 10. Be3 c6 11. Bxc5
dxc5 12. Bd3 g5 13. e5 Qxe5 14. Re1 Qf4 15. g3 Qg4 16. Be2 Qb4
17. Bf3 Be6 18. Rxe6 fxe6 19. Bh5+ Ng6 20. Qd6 Kf7 21. Qd7+
Kf6 22. Re1 Ne5 23. Qd6 Qd4 24. Ne4+ Kf5 25. Qe7 Qxe4 26. Rxe4
Kxe4 27. Qxg5 Rhf8 28. Qe3+ Kd5 29. f4 1-0

[Event "FIDE Online Olympiad"]
[Site "Chess.com"]
[Date "2020.07.27"]
[EventDate "2020.07.25"]
[Round "7"]
[Result "1-0"]
[White "Ali Elier"]
[Black "Taleb Mohamed Mohamed Abderrahim"]
[WhiteElo "2037"]
[BlackElo "1811"]
[PlyCount "71"]

1. e4 c5 2. d4 cxd4 3. c3 dxc3 4. Nxc3 g6 5. Nf3 Bg7 6. Bc4 e6
7. Nb5 Ne7 8. Nd6+ Kf8 9. Ng5 Qb6 10. O-O f6 11. Be3 Qc7
12. Ngf7 Rg8 13. Rc1 Nbc6 14. Nh6 Rh8 15. b4 a6 16. a4 b5
17. axb5 axb5 18. Bxb5 Rb8 19. Nhf7 Rg8 20. e5 fxe5 21. Nh6
Nd5 22. Bc5 Nce7 23. Qf3+ Nf4 24. Nxg8 Kxg8 25. g3 Nh3+
26. Kh1 Ng5 27. Qg2 Rxb5 28. Nxb5 Qd8 29. Bxe7 Qxe7 30. Rxc8+
Bf8 31. f4 Nf7 32. fxe5 Nxe5 33. Rfxf8+ Kg7 34. Rg8+ Kh6
35. Qh3+ Kg5 36. Qh4+ 1-0

[Event "FIDE Online Olympiad"]
[Site "Chess.com"]
[Date "2020.07.27"]
[EventDate "2020.07.25"]
[Round "7"]
[Result "1-0"]
[White "Matthew Bailey"]
[Black "Shaun M Tracey"]
[WhiteElo "1134"]
[BlackElo "1627"]
[PlyCount "99"]

1. d4 e6 2. c4 f5 3. Nc3 Nf6 4. Nf3 d6 5. g3 Be7 6. Bg2 c6
7. O-O O-O 8. Bg5 Qe8 9. Qc2 h6 10. Bd2 d5 11. Ne5 Nbd7 12. f4
Ne4 13. Nxe4 fxe4 14. Bh3 Nxe5 15. fxe5 Qh5 16. Rxf8+ Bxf8
17. Bf1 Bd7 18. e3 Be7 19. Qd1 Qg6 20. Qe2 Rf8 21. Bg2 Rf5
22. Rf1 Rg5 23. c5 h5 24. Rf4 Qh6 25. Bh3 h4 26. g4 Be8
27. Kh1 Rg6 28. Qf2 Qg5 29. Be1 Rh6 30. b4 Kh7 31. a4 a6
32. a5 Bg6 33. Bd2 Kg8 34. Bf1 Rh8 35. h3 Kh7 36. Be2 Rd8
37. Qf1 Kg8 38. Bxa6 bxa6 39. Qxa6 Be8 40. Qb6 Bf8 41. a6 Ra8
42. b5 Qd8 43. Qxd8 Rxd8 44. b6 Bd7 45. b7 Rb8 46. a7 Rxb7
47. a8=Q Rb1+ 48. Kg2 Rb2 49. Qxf8+ Kh7 50. Rf2 1-0

[Event "FIDE Online Olympiad"]
[Site "Chess.com"]
[Date "2020.07.27"]
[EventDate "2020.07.25"]
[Round "7"]
[Result "1-0"]
[White "Paris Klerides"]
[Black "Davidson Gabriel"]
[WhiteElo "2175"]
[BlackElo "1915"]
[PlyCount "111"]

1. e4 d5 2. exd5 Qxd5 3. Nc3 Qd6 4. d4 Nf6 5. Nf3 Bg4 6. g3 c6
7. Bg2 e6 8. O-O Qc7 9. Re1 Be7 10. Bf4 Bd6 11. Bg5 Nbd7
12. Qd2 O-O 13. a3 Rfe8 14. b4 a6 15. h3 Bh5 16. g4 Bg6
17. Nh4 Rad8 18. Nxg6 hxg6 19. f4 a5 20. b5 c5 21. d5 exd5
22. Nxd5 Qb8 23. Qxa5 Rxe1+ 24. Rxe1 Re8 25. Rxe8+ Qxe8
26. Qd2 Qe6 27. c4 Ne4 28. Qe3 Nxg5 29. fxg5 Qxe3+ 30. Nxe3 b6
31. Nd5 Be5 32. Kf1 Kf8 33. Ke2 f5 34. gxf6 gxf6 35. Be4 Kf7
36. h4 Kg7 37. Ne7 Nf8 38. Nd5 Nd7 39. h5 gxh5 40. gxh5 Kh6
41. Bf5 Nf8 42. Nxb6 Kxh5 43. a4 Kg5 44. Bh3 f5 45. Nd5 Ne6
46. a5 Nd4+ 47. Kd3 Bb8 48. b6 Nc6 49. a6 Ne5+ 50. Kc3 Nc6
51. Kb3 f4 52. Bg2 Kg4 53. Nf6+ Kf5 54. Bxc6 Kxf6 55. a7 Bxa7
56. bxa7 1-0

[Event "FIDE Online Olympiad"]
[Site "Chess.com"]
[Date "2020.07.27"]
[EventDate "2020.07.25"]
[Round "7"]
[Result "1-0"]
[White "Danai Miltiadou"]
[Black "Merisena Cadeau"]
[WhiteElo "1278"]
[BlackElo "1439"]
[PlyCount "37"]

1. e4 c5 2. Nf3 Nc6 3. Nc3 d6 4. Bb5 Bd7 5. d4 cxd4 6. Nxd4
Nf6 7. Nxc6 Bxc6 8. Bxc6+ bxc6 9. Bg5 e6 10. f4 Be7 11. Qd2
Qc7 12. O-O-O Rd8 13. Qf2 O-O 14. Qg3 Nh5 15. Qh4 Nf6 16. Ne2
Rd7 17. f5 e5 18. Ng3 Qb6 19. Nh5 1-0

[Event "FIDE Online Olympiad"]
[Site "Chess.com"]
[Date "2020.07.27"]
[EventDate "2020.07.25"]
[Round "8"]
[Result "1-0"]
[White "Konstantinos Michaelides"]
[Black "Sixtus Gabriel"]
[WhiteElo "1996"]
[BlackElo "1888"]
[PlyCount "147"]

1. d4 g6 2. e4 Bg7 3. Nc3 d6 4. Be3 Nf6 5. h3 O-O 6. Qd2 c6
7. f4 Qa5 8. Nf3 b5 9. Bd3 b4 10. Ne2 Ba6 11. O-O Bxd3
12. Qxd3 Nbd7 13. a3 c5 14. d5 Rfc8 15. Nd2 Qc7 16. Nc4 Nb6
17. Nc1 Nxc4 18. Qxc4 Nd7 19. Nd3 Nb6 20. Qa6 bxa3 21. Rxa3 c4
22. Nb4 Bxb2 23. Ra2 c3 24. Nc6 Kf8 25. f5 Nd7 26. fxg6 hxg6
27. Qe2 Ne5 28. Qf2 f6 29. Nd4 Kf7 30. Bg5 Nd7 31. Nc6 Qb6
32. Be3 Qb5 33. Ra5 Qc4 34. Qf4 Rxc6 35. dxc6 Qxc6 36. Qh4 Ne5
37. Bd4 Qc7 38. Bxe5 dxe5 39. Ra6 Kg7 40. Qg4 Rd8 41. h4 Qd7
42. Re6 Ba3 43. h5 g5 44. h6+ Kh7 45. Qf5+ Kh8 46. Ra6 Qxf5
47. Rxf5 Bc5+ 48. Kh2 Rd2 49. Ra2 Kh7 50. Rf3 Bd4 51. Rd3 Kxh6
52. Kg3 Kh5 53. Kf3 Kh4 54. g3+ Kh5 55. Rxd2 cxd2 56. Ke2 e6
57. Kxd2 f5 58. c4 Kg4 59. Ra3 f4 60. gxf4 exf4 61. Ke2 e5
62. Rd3 Bb6 63. Rc3 Bd4 64. Ra3 Bc5 65. Ra5 f3+ 66. Kf1 Bd4
67. c5 Kf4 68. c6 g4 69. c7 g3 70. Ra2 Kxe4 71. c8=Q Ke3
72. Ra3+ Kf4 73. Qf8+ Kg4 74. Qxf3+ 1-0

[Event "FIDE Online Olympiad"]
[Site "Chess.com"]
[Date "2020.07.27"]
[EventDate "2020.07.25"]
[Round "8"]
[Result "1-0"]
[White "Shaun M Tracey"]
[Black "Jean Louis Marckens"]
[WhiteElo "1627"]
[BlackElo "2053"]
[PlyCount "55"]

1. e4 c6 2. d4 d5 3. exd5 cxd5 4. Bd3 Nc6 5. c3 Nf6 6. Bf4 g6
7. Nf3 Nh5 8. Be3 Qc7 9. Na3 a6 10. O-O Bg7 11. Qd2 Bg4
12. Be2 Bf5 13. Nc2 Bxc2 14. Qxc2 Nf4 15. Bxf4 Qxf4 16. Rae1
O-O 17. Bd3 e6 18. Qe2 b5 19. a3 h5 20. Qe3 Qxe3 21. Rxe3 Bh6
22. Re2 Bf4 23. Rfe1 Na5 24. g3 Bc7 25. Kg2 Nc4 26. h4 Rab8
27. Ra1 Bd6 28. Rb1 1-0

[Event "FIDE Online Olympiad"]
[Site "Chess.com"]
[Date "2020.07.27"]
[EventDate "2020.07.25"]
[Round "8"]
[Result "1-0"]
[White "Sidi Boidiya"]
[Black "Matthew Bailey"]
[WhiteElo "2065"]
[BlackElo "1134"]
[PlyCount "193"]

1. e4 c5 2. Nf3 d6 3. Bb5+ Bd7 4. Bxd7+ Nxd7 5. O-O Ngf6
6. Re1 e6 7. c3 Be7 8. d4 cxd4 9. cxd4 O-O 10. Nc3 a6 11. Bf4
Rc8 12. h3 b5 13. a3 Nb6 14. Qe2 d5 15. e5 Nfd7 16. Nd1 Nc4
17. Ne3 Ndb6 18. Nxc4 Nxc4 19. a4 Qd7 20. b3 Na3 21. axb5 Nc2
22. bxa6 Nxe1 23. Nxe1 Qa7 24. Qd3 Rc6 25. Nf3 Ra8 26. Bg5 Bf8
27. Bd2 Rxa6 28. Rb1 Ra1 29. Kh2 Rxb1 30. Qxb1 Qa2 31. Qd3 Ra3
32. Ng5 g6 33. Qf3 Ra7 34. Be3 h6 35. Nxe6 fxe6 36. Qg4 Qa6
37. Qxg6+ Rg7 38. Qe8 Qb7 39. Qxe6+ Qf7 40. Qc6 Kh7 41. Qxh6+
Kg8 42. Qc6 Qg6 43. Qxd5+ Kh8 44. f4 Qg3+ 45. Kh1 Qe1+ 46. Bg1
Be7 47. Qa8+ Kh7 48. Qf3 Qg3 49. Qh5+ Kg8 50. Qe2 Qxf4 51. d5
Rg5 52. d6 Rxe5 53. Qc2 Bxd6 54. Qg6+ Kf8 55. Qxd6+ Kf7 56. b4
Re4 57. Qxf4+ Rxf4 58. b5 Rb4 59. b6 Kg6 60. Kh2 Kg5 61. Kg3
Rb3+ 62. Kh2 Kf4 63. Bf2 Kg5 64. Bc5 Rb2 65. Be7+ Kf5 66. Bd8
Rb1 67. g4+ Kg6 68. Kg3 Rb3+ 69. Kh4 Rb5 70. Bc7 Rb3 71. Bd8
Rb5 72. Kg3 Rb3+ 73. Kf4 Rxh3 74. Ke5 Rb3 75. Kd6 Rd3+ 76. Kc7
Rc3+ 77. Kd7 Rd3+ 78. Kc8 Rc3+ 79. Kb8 Rb3 80. b7 Rb1 81. Kc8
Rc1+ 82. Bc7 Rb1 83. Bf4 Kf6 84. b8=Q Rxb8+ 85. Kxb8 Kg6
86. Kc7 Kf6 87. Kd6 Kg6 88. Ke6 Kg7 89. Kf5 Kf7 90. g5 Kg7
91. Be5+ Kf7 92. g6+ Kg8 93. Kf6 Kf8 94. g7+ Kg8 95. Bd6 Kh7
96. Kf7 Kh6 97. g8=Q 1-0

[Event "FIDE Online Olympiad"]
[Site "Chess.com"]
[Date "2020.07.27"]
[EventDate "2020.07.25"]
[Round "8"]
[Result "1-0"]
[White "Hashem AK Elnaami"]
[Black "Octavio Croes"]
[WhiteElo "1911"]
[BlackElo "1801"]
[PlyCount "99"]

1. Nf3 c5 2. g3 d5 3. Bg2 Nc6 4. d3 Nf6 5. O-O e6 6. Nbd2 Be7
7. e4 dxe4 8. dxe4 O-O 9. c3 Qc7 10. Qe2 b6 11. a4 Bb7 12. Re1
Rad8 13. Nf1 e5 14. Nh4 g6 15. Bg5 Rfe8 16. Ne3 Na5 17. Qc2 c4
18. Rad1 Qc5 19. Bxf6 Bxf6 20. Nf3 Qc6 21. Nd5 Kg7 22. Nd2 Qc5
23. Ne3 Rd3 24. Bf1 Rdd8 25. Ndxc4 Nxc4 26. Bxc4 a6 27. Bd5
Bxd5 28. Nxd5 Rd6 29. Qe2 Red8 30. Qxa6 Bg5 31. Qb5 Qxb5
32. axb5 f5 33. c4 Rc8 34. b3 Ra8 35. exf5 gxf5 36. Rxe5 Bf6
37. Rxf5 Ra2 38. Rxf6 Rxf6 39. Nxf6 Kxf6 40. Rd6+ Ke5 41. Rxb6
Kd4 42. Rd6+ Kc5 43. Rd5+ Kb6 44. Rd6+ Kc5 45. Rc6+ Kb4 46. b6
Ra8 47. b7 Rb8 48. Rb6+ Kc5 49. Rb5+ Kc6 50. f4 1-0

[Event "FIDE Online Olympiad"]
[Site "Chess.com"]
[Date "2020.07.27"]
[EventDate "2020.07.25"]
[Round "8"]
[Result "1-0"]
[White "Ilya Stetsenko"]
[Black "Ali Elier"]
[WhiteElo "1596"]
[BlackElo "2037"]
[PlyCount "105"]

1. d4 Nf6 2. Nf3 e6 3. Bg5 Be7 4. c4 O-O 5. Nc3 d5 6. e3 h6
7. Bxf6 Bxf6 8. Qd2 c6 9. O-O-O Nd7 10. h4 Qe7 11. g4 dxc4
12. g5 hxg5 13. hxg5 Bxg5 14. Nxg5 Qxg5 15. f4 Qg6 16. Bxc4
Nb6 17. Bd3 f5 18. Rdg1 Qf6 19. Qh2 Bd7 20. Qh7+ Kf7 21. Qh5+
Ke7 22. Qh7 Rf7 23. Rg6 Raf8 24. Rxf6 gxf6 25. Qh2 Rg7 26. Qf2
Rfg8 27. e4 Rg2 28. Rh7+ Kd8 29. Qh4 fxe4 30. Nxe4 Na4
31. Qxf6+ Kc8 32. Rh8 Rg1+ 33. Kc2 R1g2+ 34. Kb3 c5 35. Rxg8+
Rxg8 36. Nd6+ Kb8 37. Qf7 Rd8 38. Qe7 Kc7 39. Nb5+ Kc8
40. Kxa4 a6 41. Kb3 axb5 42. Qxc5+ Kb8 43. Qb6 Rh8 44. Be4 Bc8
45. Qxb5 Rh3+ 46. Kb4 Rh2 47. Qe5+ Ka8 48. Qc7 Rh8 49. Qa5+
Kb8 50. Qe5+ Ka7 51. Qxh8 Kb6 52. Qxc8 Ka7 53. Qxb7# 1-0

[Event "FIDE Online Olympiad"]
[Site "Chess.com"]
[Date "2020.07.27"]
[EventDate "2020.07.25"]
[Round "9"]
[Result "1-0"]
[White "Jean Louis Marckens"]
[Black "Sidi Boidiya"]
[WhiteElo "2053"]
[BlackElo "2065"]
[PlyCount "149"]

1. e4 e5 2. Nf3 d6 3. d4 Nf6 4. Nc3 Nbd7 5. Bg5 Be7 6. Bc4 O-O
7. Qd2 c6 8. Bb3 exd4 9. Nxd4 Nc5 10. Bxf6 Bxf6 11. O-O-O a5
12. a3 Nxb3+ 13. Nxb3 a4 14. Nd4 Qc7 15. h3 b5 16. Na2 Rb8
17. c3 c5 18. Nc2 Be6 19. Kb1 Rfd8 20. f4 Bb3 21. g4 b4
22. cxb4 cxb4 23. Naxb4 Rdc8 24. Rc1 Qc4 25. g5 Be7 26. Nd4
Rxb4 27. axb4 Qa6 28. Rxc8+ Qxc8 29. Nxb3 axb3 30. Qc3 Qa8
31. Re1 Qa2+ 32. Kc1 h6 33. h4 Bf8 34. Re3 Qa1+ 35. Kd2 Qf1
36. Qxb3 Qxf4 37. gxh6 g6 38. Kc2 Bxh6 39. Re2 Qf1 40. Qc4
Qc1+ 41. Kb3 Qd1+ 42. Rc2 Be3 43. b5 Qg1 44. Qd5 Bc5 45. e5
Qg3+ 46. Rc3 Qh2 47. exd6 Bxd6 48. b6 Be5 49. Rc8+ Kg7 50. b7
Qxb2+ 51. Ka4 Bh2 52. Ka5 Qa3+ 53. Kb6 Qb4+ 54. Kc6 Qc3+
55. Kd7 Qb4 56. Rc7 Qa4+ 57. Kc8 Bxc7 58. Kxc7 Qf4+ 59. Qd6
Qc4+ 60. Kd7 Qg4+ 61. Kc7 Qc4+ 62. Kd7 Qg4+ 63. Kc6 Qc4+
64. Qc5 Qe6+ 65. Kc7 Qf6 66. b8=Q Qf4+ 67. Kb7 Qxh4 68. Qbf8+
Kh7 69. Qxf7+ Kh6 70. Qe3+ g5 71. Qf6+ Kh5 72. Qef3+ g4
73. Q6f5+ Qg5 74. Qh7+ Qh6 75. Qh1+ 1-0

[Event "FIDE Online Olympiad"]
[Site "Chess.com"]
[Date "2020.07.27"]
[EventDate "2020.07.25"]
[Round "9"]
[Result "1-0"]
[White "Sixtus Gabriel"]
[Black "Shaun M Tracey"]
[WhiteElo "1888"]
[BlackElo "1627"]
[PlyCount "129"]

1. e4 d5 2. Nf3 dxe4 3. Ng5 e5 4. Nxe4 f5 5. Nec3 Nf6 6. Bc4
Bc5 7. O-O Nc6 8. d3 Na5 9. Bg5 Nxc4 10. Bxf6 Qxf6 11. dxc4 c6
12. Qh5+ g6 13. Qh6 Be6 14. Nd2 O-O-O 15. Na4 Bb4 16. c3 Be7
17. Qe3 Kb8 18. Rfd1 e4 19. c5 g5 20. f4 Rd3 21. fxg5 Qxg5
22. Qxg5 Bxg5 23. Nf1 Rhd8 24. Re1 e3 25. b3 e2 26. Ng3 Bh4
27. Rxe2 Bc8 28. Nf1 Kc7 29. c4 Rg8 30. Nb2 Rd4 31. Rd1 Rdg4
32. g3 Bf6 33. Nd3 h5 34. Nf2 R4g7 35. Nd3 h4 36. Nf4 Kb8
37. Nh5 Rg6 38. Nxf6 Rxf6 39. Rd6 Rf7 40. Kf2 hxg3+ 41. hxg3
f4 42. gxf4 Rxf4+ 43. Ke1 Rg1 44. Rf2 Re4+ 45. Kd2 Rg8 46. a3
a6 47. Ne3 Rge8 48. Nd1 Rh4 49. Nc3 Rg4 50. Na4 Rg1 51. Kc2
Rge1 52. Rdd2 R1e4 53. Nb6 Re3 54. Kb2 R3e4 55. Kc3 Re3+
56. Kb4 R3e4 57. Rf7 Re3 58. Nd7+ Ka8 59. Nb6+ Kb8 60. Rg2
R3e4 61. Rgg7 Re3 62. Nxc8 a5+ 63. Ka4 Kxc8 64. Rc7+ Kd8
65. Rgd7# 1-0

[Event "FIDE Online Olympiad"]
[Site "Chess.com"]
[Date "2020.07.27"]
[EventDate "2020.07.25"]
[Round "9"]
[Result "1-0"]
[White "Paris Klerides"]
[Black "Sidney Spinola"]
[WhiteElo "2175"]
[BlackElo "1689"]
[PlyCount "91"]

1. e4 e6 2. d4 d5 3. Nc3 Bb4 4. e5 Ne7 5. a3 Bxc3+ 6. bxc3 b6
7. Bb5+ c6 8. Bd3 h6 9. Qg4 Bb7 10. Qxg7 Rg8 11. Qxh6 Nd7
12. g3 Qc7 13. Nf3 O-O-O 14. a4 c5 15. Bd2 c4 16. Bf1 Rh8
17. Qf4 f5 18. Ng5 Ng6 19. Qe3 Ndf8 20. f4 Rd7 21. Bc1 a5
22. Ba3 Rg8 23. h4 Qc6 24. h5 Nh8 25. Bd6 Nf7 26. Nxf7 Rxf7
27. Be2 Rfg7 28. Rh3 Rh8 29. Kf2 Qd7 30. Qc1 Ng6 31. Qb2 Qc6
32. Rhh1 Nf8 33. Qa3 Nd7 34. Rab1 Rhg8 35. Rh3 Ba6 36. h6 Rh7
37. Rh5 Rg6 38. Rbh1 Kb7 39. Bf3 Qc8 40. Be7 Qe8 41. Bg5 Ka7
42. Rb1 Rg8 43. Rhh1 Nb8 44. Rb2 Nd7 45. Qd6 Qg6 46. Bh5 1-0

[Event "FIDE Online Olympiad"]
[Site "Chess.com"]
[Date "2020.07.27"]
[EventDate "2020.07.25"]
[Round "9"]
[Result "1-0"]
[White "Celia M Rodriguez Guevara"]
[Black "Lian Ioannides Liu"]
[WhiteElo "1918"]
[BlackElo "1375"]
[PlyCount "123"]

1. e4 e5 2. Nf3 Nc6 3. Bc4 Nf6 4. d3 Bc5 5. h3 h6 6. O-O d6
7. c3 Na5 8. Bb5+ Bd7 9. Bxd7+ Qxd7 10. b4 Bxb4 11. cxb4 Nc6
12. b5 Ne7 13. a4 Qe6 14. Qc2 Rc8 15. Nbd2 c6 16. Qb3 d5
17. bxc6 bxc6 18. exd5 cxd5 19. Qb5+ Nd7 20. Re1 O-O 21. Nd4
Qd6 22. Ba3 Nc5 23. N4f3 a6 24. Qb4 Ng6 25. Rac1 Rfd8 26. Rxc5
Rxc5 27. Qxc5 Qxc5 28. Bxc5 f6 29. d4 e4 30. Nh2 f5 31. Rb1
Nf4 32. Rb6 a5 33. Nb3 Ne2+ 34. Kf1 Nc3 35. Ra6 Rb8 36. Rb6
Rc8 37. Nxa5 Nxa4 38. Rb5 Nxc5 39. Rxc5 Rd8 40. Ke2 Kf7
41. Nf1 Ke6 42. Ne3 h5 43. f3 f4 44. Nc2 e3 45. Nxe3 fxe3
46. Kxe3 g5 47. Rc6+ Rd6 48. Rxd6+ Kxd6 49. Nb7+ Ke6 50. Nc5+
Kf5 51. g3 h4 52. gxh4 gxh4 53. Nd3 Kf6 54. Kf4 Ke6 55. Kg5
Kf7 56. Kxh4 Kf6 57. Kg4 Kg6 58. Nf4+ Kf6 59. Nxd5+ Ke6
60. Nf4+ Kf6 61. d5 Ke5 62. h4 1-0

[Event "FIDE Online Olympiad"]
[Site "Chess.com"]
[Date "2020.07.27"]
[EventDate "2020.07.25"]
[Round "9"]
[Result "1-0"]
[White "Danai Miltiadou"]
[Black "Loedi Gomes"]
[WhiteElo "1278"]
[BlackElo "1070"]
[PlyCount "81"]

1. e4 e5 2. Nf3 Nc6 3. Bc4 h6 4. Nc3 Nf6 5. a3 Bc5 6. d3 d6
7. Qe2 Be6 8. Bd5 Na5 9. Be3 c6 10. Bxe6 fxe6 11. d4 exd4
12. Bxd4 Bxd4 13. Nxd4 e5 14. Nf3 Qe7 15. Nh4 Qf7 16. Nf5
O-O-O 17. Qd2 Qf8 18. Qd3 g6 19. Ne3 Nh5 20. b4 Nf4 21. Qf1
Nb3 22. cxb3 d5 23. g3 Ne6 24. exd5 cxd5 25. Nexd5 Nd4 26. Qd3
Nf3+ 27. Kf1 Ng5 28. Qxg6 Nh3 29. Qg4+ Kb8 30. Qxh3 Qf7
31. Qh4 Rxd5 32. Nxd5 Qxd5 33. Rg1 Qd3+ 34. Kg2 Qd5+ 35. Kh3
Qe6+ 36. Qg4 Qxb3 37. Qe4 Rg8 38. Qxe5+ Kc8 39. Rac1+ Kd7
40. Rgd1+ Qd5 41. Rxd5# 1-0

[Event "FIDE Online Olympiad"]
[Site "Chess.com"]
[Date "2020.07.31"]
[EventDate "2020.07.31"]
[Round "1"]
[Result "1-0"]
[White "Shareef Aishath Alya Mohamed"]
[Black "Rania Alsalti"]
[WhiteElo "1098"]
[BlackElo "1287"]
[PlyCount "49"]

1. d4 d5 2. c4 e6 3. e3 Nf6 4. Nc3 Bd6 5. Nf3 Nc6 6. Bd3 O-O
7. O-O a6 8. a3 Re8 9. Re1 e5 10. Be2 e4 11. Nd2 Bf5 12. c5
Be7 13. h3 b6 14. b4 bxc5 15. bxc5 a5 16. Bb5 Qd7 17. Qa4 h6
18. Bxc6 Qc8 19. Bxe8 Bxh3 20. g3 Qxe8 21. Qxe8+ Rxe8 22. Rb1
Ng4 23. Rb7 c6 24. Na4 Bf6 25. Bb2 1-0

[Event "FIDE Online Olympiad"]
[Site "Chess.com"]
[Date "2020.07.31"]
[EventDate "2020.07.31"]
[Round "1"]
[Result "1-0"]
[White "Manish Hamal"]
[Black "Albert Njau"]
[WhiteElo "2110"]
[BlackElo "1702"]
[PlyCount "153"]

1. d4 Nf6 2. Nf3 e6 3. g3 d5 4. Bg2 Be7 5. O-O O-O 6. c4 Nbd7
7. Qc2 c5 8. cxd5 Nxd5 9. Rd1 Qc7 10. e4 cxd4 11. Qxc7 Nxc7
12. Nxd4 a6 13. Nc3 Ne8 14. Be3 Ne5 15. b3 Bd7 16. h3 Rc8
17. Rac1 Ba3 18. Rc2 Nc6 19. Nxc6 Bxc6 20. Ne2 e5 21. f3 Nc7
22. Nc3 Nb5 23. Na4 Rcd8 24. Rcd2 Nd4 25. Bxd4 Bxa4 26. Bxe5
Bc5+ 27. Kh2 Rxd2 28. Rxd2 Bc6 29. Bc7 Re8 30. e5 Bb4 31. Rd8
Kf8 32. Rxe8+ Kxe8 33. f4 Kd7 34. Bb6 Ke6 35. Bxc6 bxc6
36. Kg2 Kd5 37. Kf3 Be1 38. Bf2 Bc3 39. Be3 Be1 40. g4 Bc3
41. Bg1 Be1 42. Ke2 Bc3 43. Kd3 Be1 44. Bh2 g6 45. f5 Bh4
46. fxg6 hxg6 47. Bf4 Be1 48. a4 Bh4 49. Bh2 Be1 50. Bf4 Bh4
51. Ke3 c5 52. Kd3 Be1 53. Ke2 Bh4 54. Kf3 Be1 55. Bg3 Bd2
56. h4 c4 57. bxc4+ Kxc4 58. Bf4 Bb4 59. h5 Bf8 60. a5 Kd5
61. h6 g5 62. Bxg5 Kxe5 63. Bd2 f6 64. Kg3 Ke6 65. Kh4 Kf7
66. Kh5 Be7 67. Bc3 Bd8 68. g5 Kg8 69. g6 Be7 70. Kg4 Bf8
71. Bd2 f5+ 72. Kxf5 Bg7 73. hxg7 Kxg7 74. Bc3+ Kg8 75. Ke6
Kf8 76. g7+ Kg8 77. Ke7 1-0

[Event "FIDE Online Olympiad"]
[Site "Chess.com"]
[Date "2020.07.31"]
[EventDate "2020.07.31"]
[Round "1"]
[Result "1-0"]
[White "Niken Kusatha"]
[Black "Aaditya Kailas Bhattbhatt"]
[WhiteElo "1732"]
[BlackElo "1460"]
[PlyCount "49"]

1. e4 c5 2. Nf3 Nc6 3. c3 d6 4. d4 cxd4 5. cxd4 Nf6 6. Nc3 Bg4
7. Be2 Qb6 8. d5 Bxf3 9. Bxf3 Ne5 10. Be2 Rc8 11. O-O Rxc3
12. bxc3 Nxe4 13. Qa4+ Kd8 14. Qxe4 g6 15. Be3 Qc7 16. Rab1
Bg7 17. Bxa7 Kd7 18. Bb6 Qxc3 19. Rfc1 Qd2 20. Bb5+ Nc6
21. dxc6+ bxc6 22. Bxc6+ Kc8 23. Be8+ Kb8 24. Be3+ Qb4
25. Rxb4# 1-0

[Event "FIDE Online Olympiad"]
[Site "Chess.com"]
[Date "2020.07.31"]
[EventDate "2020.07.31"]
[Round "1"]
[Result "1-0"]
[White "Azahari Siti Nur Fatanah Hj"]
[Black "Sasha Mongeli"]
[WhiteElo "1898"]
[BlackElo "1599"]
[PlyCount "103"]

1. e4 e5 2. Nf3 Nf6 3. Nc3 Bb4 4. a3 Bd6 5. Bc4 O-O 6. O-O Nc6
7. d3 Be7 8. h3 d6 9. Be3 a6 10. Re1 Be6 11. Qe2 Qc8 12. Rad1
b5 13. Bd5 Bxd5 14. exd5 Na5 15. b4 Nb7 16. d4 Qf5 17. Bc1 e4
18. Nxe4 Nxe4 19. Qxe4 Qxe4 20. Rxe4 Bf6 21. Bg5 Bxg5 22. Nxg5
Rfe8 23. Rd3 Rxe4 24. Nxe4 Re8 25. Ng3 g6 26. Rc3 Re7 27. Rc6
a5 28. Ra6 axb4 29. Ra8+ Kg7 30. axb4 Rd7 31. Ne4 Nd8 32. Rc8
h6 33. Nc3 f5 34. Nxb5 Nf7 35. Nxc7 Kf6 36. b5 Nd8 37. b6 Kg5
38. Rxd8 Rxd8 39. Ne6+ Kf6 40. Nxd8 Ke7 41. b7 Kxd8 42. b8=Q+
Ke7 43. Qc7+ Kf6 44. Qxd6+ Kg5 45. Qe7+ Kh5 46. f3 g5 47. Qf8
f4 48. d6 Kh4 49. d7 Kg3 50. d8=Q g4 51. Qff6 h5 52. Qh4# 1-0